| 000 | 01610nam a2200325 i 4500 | ||
|---|---|---|---|
| 001 | 768714001 | ||
| 003 | CO-MdFUSB | ||
| 005 | 20260321103527.0 | ||
| 007 | ta | ||
| 008 | 241105t1994 mx ||||| d||| 001 0 spa d | ||
| 020 | _a9509023396 | ||
| 040 |
_bspa. _aCO-MdFUSB _cCO-MdFUSB _dCO-MdFUSBC _erda |
||
| 041 | _aspa | ||
| 082 |
_223 _a463.15 _bC355 |
||
| 100 |
_aCastro de Amato, Laura, _eautor |
||
| 245 |
_aGran diccionario de sinónimos y antónimos _c/ Laura Castro de Amato |
||
| 250 |
_aNovena Edición _b1994 |
||
| 264 | 1 |
_bDistribuciones Culturales, _aSan Luis Potosi, Mexico : _c[1994] |
|
| 300 |
_a851 páginas _c; 24 cm |
||
| 336 |
_2rdacontent _atexto _btxt |
||
| 337 |
_2rdamedia _asin mediación _bn |
||
| 338 |
_2rdacarrier _avolumen _bnc |
||
| 500 | _aIncluye índice, diccionario | ||
| 520 | _aEsta obra está dirigida a estudiantes, docentes, periodistas y a todas las personas que trabajan con palabras. A menudo, por razones de corrección o elegancia, es necesario utilizar sinónimos. Sin embargo, no existen "sinónimos perfectos" en todos los casos; más bien, se trata de "ideas afines", y la diferencia entre una palabra y su sinónimo puede ser sutil o significativa. Es recomendable consultar un buen diccionario para asegurarse de que el sinónimo elegido se ajuste adecuadamente al contexto. La inclusión de antónimos también ayuda a aclarar el significado de las palabras y sus acepciones. | ||
| 563 | _aPasta dura | ||
| 650 | 7 |
_aEnciclopedias y diccionarios _9423 |
|
| 653 | _aEspañol – Sinónimos y antónimos | ||
| 942 | _cBK | ||
| 945 | _aCatherine Arias Alvarez | ||
| 999 |
_c71173 _d71173 |
||